000 00771nam a2200241 i 4500
001 bg
100 1 _aLIPSKA, Wanda
245 1 0 _aMetody oceny projektów gospodarczych :
_bw przykładach i zadaniach /
_cWanda Lipska, Halina Tańska.
260 _aŁódź :
_bPrzedsiębiorstwo Specjalistyczne "Absolwent",
_c2002.
300 _a133 s. ;
_c21 cm.
504 _aBibliogr.
650 9 _aInwestycje
_xgospodarka
_xprojekty
655 _aPodręczniki akademickie
700 1 _aTAŃSKA, Halina
020 _a8388384538
040 _cBPK
041 0 _apol
080 _a330.322.5:336.5](075.8)
920 _a83-88384-53-8
942 _cKS
008 s pl f |000 0 pol
999 _c42691
_d42691
856 _uhttp://koha.tu.koszalin.pl/cgi-bin/koha/opac-detail.pl?biblionumber=42691
_yKatalog online BPK